| 000 | 00979nam a22002297a 4500 | ||
|---|---|---|---|
| 003 | OSt | ||
| 005 | 20250911170411.0 | ||
| 008 | 240223b ||||| |||| 00| 0 eng d | ||
| 040 | _c0 | ||
| 082 | _aDPer 621.317 Ie21 May 2022 v. 37 n. 5 | ||
| 100 |
_aChen, Ting. _eauthor. _912378 |
||
| 245 |
_aA multi-load capacitive power relay system with load-independent constant current outputs / _cTing Chen, Chenwen Cheng, Hong Cheng, Cong Wang, and Chunting Chris Mi. |
||
| 260 |
_aNew York ; _bThe Institute of Electrical and Electronics Engineers, Inc. , _cMay 2022. |
||
| 300 |
_aVolume 37, pages 6144-6155 : _billustration ; _c28 cm. |
||
| 500 | _aIEEE Transactions on Power Electronics, vol. 37, no. 5, pages 6144-6155, May 2022. | ||
| 700 |
_aChen, Ting. _eauthor. _912378 |
||
| 700 |
_aCheng, Chenwen. _eauthor. _953250 |
||
| 700 |
_aCheng, Hong. _eauthor. _953251 |
||
| 700 |
_aWang, Cong. _eauthor. _953252 |
||
| 700 |
_aMi, Chunting Chris. _eauthor. _953253 |
||
| 942 |
_2ddc _cPER |
||
| 999 |
_c19338 _d19338 |
||